| 000 | 00468nam a2200121Ia 4500 | ||
|---|---|---|---|
| 008 | 220615s9999||||xx |||||||||||||| ||und|| | ||
| 100 | _aZenga, Mariangela | ||
| 245 | 0 | _aChapter Gender and Information and Communication Technologies interest: results from PISA 2018 | |
| 546 | _aEnglish[eng] | ||
| 650 | _aICT interest||Gender difference||Three-level multilevel model||PISA | ||
| 856 | _uhttps://library.oapen.org/bitstream/20.500.12657/56360/1/26225.pdf | ||
| 942 | _cEB | ||
| 999 |
_c11831 _d11831 |
||